OSF/Motif programmer's guide : revision 1.1 (Record no. 6618)
[ view plain ]
| 000 -LEADER | |
|---|---|
| fixed length control field | 00586 a2200181 4500 |
| 020 ## - INTERNATIONAL STANDARD BOOK NUMBER | |
| International Standard Book Number | 0-13-640673-4 |
| 040 ## - CATALOGING SOURCE | |
| Original cataloging agency | Library of Congress |
| Language of cataloging | English |
| 082 ## - DEWEY DECIMAL CLASSIFICATION NUMBER | |
| Classification number | 005.74 |
| 245 00 - TITLE STATEMENT | |
| Title | OSF/Motif programmer's guide : revision 1.1 |
| Statement of responsibility, etc. | Open Software Foundation. |
| 250 ## - EDITION STATEMENT | |
| Edition statement | Rev. and updated. |
| 260 ## - PUBLICATION, DISTRIBUTION, ETC. | |
| Place of publication, distribution, etc. | Englewood Cliffs, N.J. : |
| Name of publisher, distributor, etc. | Prentice Hall, |
| Date of publication, distribution, etc. | cop. 1991 |
| 300 ## - PHYSICAL DESCRIPTION | |
| Extent | Ca 700 s. (var. pag.) |
| 500 ## - GENERAL NOTE | |
| General note | "For OSF/Motif release 1.1." |
| 650 #0 - SUBJECT ADDED ENTRY--TOPICAL TERM | |
| Topical term or geographic name entry element | X Window System (Computer system) |
| 710 2# - ADDED ENTRY--CORPORATE NAME | |
| Corporate name or jurisdiction name as entry element | Open Software Foundation |
| 740 0# - ADDED ENTRY--UNCONTROLLED RELATED/ANALYTICAL TITLE | |
| Uncontrolled related/analytical title | Programmer's guide |
| 942 ## - ADDED ENTRY ELEMENTS (KOHA) | |
| Koha item type | Book |
| Call number prefix | 005.74 OPE |
| Source of classification or shelving scheme | |
| Withdrawn status | Lost status | Damaged status | Not for loan | Collection code | Permanent Location | Current Location | Shelving location | Date acquired | Source of acquisition | Total Checkouts | Full call number | Barcode | Date last seen | Price effective from | Koha item type |
|---|---|---|---|---|---|---|---|---|---|---|---|---|---|---|---|
| Central Library (CL) | Central Library (CL) | First Floor - Databases | 11/15/2000 | Link, Rawalpindi | 005.74 OPE | SEECS000358 | 11/14/2012 | 01/05/2017 | Book |
